Riadenie finančnej páky
Okrem iných faktorov, ako je produkčná sila (ROA), obrat celkových aktív, zaťaženie daňou z príjmov, možno výnosnosť vlastného kapitálu zvyšovať prostredníctvom finančnej páky. Jej efekt sa prejavuje zvyšovaním výnosnosti vlastného kapitálu, ktorá je spôsobená vyšším využitím cudzieho kapitálu. Pre...
Guardado en:
| Autor principal: | |
|---|---|
| Otros Autores: | |
| Formato: | Capítulo de libro |
| Lenguaje: | eslovaco |
| Materias: | |
| Etiquetas: |
Sin Etiquetas, Sea el primero en etiquetar este registro!
|
MARC
| LEADER | 00000naa a2200000 4500 | ||
|---|---|---|---|
| 001 | 0157980 | ||
| 005 | 20240502072744.2 | ||
| 041 | 0 | |a slo | |
| 044 | |a SK | ||
| 245 | 1 | 0 | |a Riadenie finančnej páky |c Ján Marušin, Eva Manová |
| 520 | |a Okrem iných faktorov, ako je produkčná sila (ROA), obrat celkových aktív, zaťaženie daňou z príjmov, možno výnosnosť vlastného kapitálu zvyšovať prostredníctvom finančnej páky. Jej efekt sa prejavuje zvyšovaním výnosnosti vlastného kapitálu, ktorá je spôsobená vyšším využitím cudzieho kapitálu. Pre finančné riadenie podniku je dôležité rozhodovanie o tom, kedy je výhodné financovanie vlastným kapitálom a kedy je výhodné dlhové financovanie. Cudzí kapitál ako finančná páka. | ||
| 610 | 2 | 0 | |a riadenie finančné |
| 610 | 2 | 0 | |a zdroje finančné |
| 610 | 2 | 0 | |a zdroje finančné cudzie |
| 610 | 2 | 0 | |a zdroje finančné vlastné |
| 610 | 2 | 0 | |a kapitál cudzí |
| 610 | 2 | 0 | |a kapitál vlastný |
| 610 | 2 | 0 | |a rentabilita |
| 610 | 2 | 0 | |a dlhy |
| 610 | 2 | 0 | |a úrok |
| 100 | 1 | |a Marušin, Ján | |
| 700 | 1 | |a Manová, Eva, 1957- | |